00513nmm a2200169Ia 4500008004100000020001800041041000800059100002300067245004200090264005600132300001800188490003200206650003000238856005100268942000700319999001700326251105s9999||||xx |||||||||||||||||und|| a9789562829779 aspa aSoto, Alvaro (ed.) 0aFlexibilidad laboral y subjetividades a[Santiago de Chile, Chile] :bLOM Ediciones, c2008 a346 páginas aCiencias Sociales y Humanas aSocial Sciences (General) uhttps://public.digitaliapublishing.com/a/13248 cCF c94341d94341